Atlas y tratado de Odontología y Estomatología / (Record no. 121018)
[ view plain ]
| 000 -LEADER | |
|---|---|
| campo de control de longitud fija | 00864nam a2200205 4500 |
| 001 - NÚMERO DE CONTROL | |
| campo de control | 121018 |
| 003 - IDENTIFICADOR DE NÚMERO DE CONTROL | |
| campo de control | ES-MaACL |
| 005 - FECHA Y HORA DE LA ÚLTIMA TRANSACCIÓN | |
| campo de control | 20230906191654.0 |
| 007 - CAMPO FIJO DE DESCRIPCIÓN FÍSICA--INFORMACIÓN GENERAL | |
| campo de control de longitud fija | t| |
| 008 - DATOS DE LONGITUD FIJA--INFORMACIÓN GENERAL | |
| campo de control de longitud fija | 070214s1923 sp r ||||1| spa d |
| 100 1# - ENTRADA PRINCIPAL--NOMBRE DE PERSONA | |
| Nombre de persona | Preiswerk, Gustavo. |
| 9 (RLIN) | 93747 |
| 245 10 - MENCIÓN DEL TÍTULO | |
| Título | Atlas y tratado de Odontología y Estomatología / |
| Mención de responsabilidad, etc. | del Doctor Gustavo Preiswerk... ; traducido directamente de la última ed. alemana y anotado por los Doctores D. Bernardino Landete... y D. Francisco Rozábal... ; con un prólogo y un artículo sobre el Somnoformo del... Doctor D. Florestán Aguilar. |
| 260 ## - PUBLICACIÓN, DISTRIBUCIÓN, ETC. | |
| Lugar de publicación, distribución, etc. | Madrid : |
| Nombre del editor, distribuidor, etc. | Lib. Académica, |
| Fecha de publicación, distribución, etc. | 1923. |
| 300 ## - DESCRIPCIÓN FÍSICA | |
| Extensión | VIII, 392 p., 56 lám. ; |
| Dimensiones | 19 x 13 cm. |
| 700 1# - ENTRADA AGREGADA--NOMBRE PERSONAL | |
| Nombre de persona | Landete Aragó, Bernardino. |
| 9 (RLIN) | 69951 |
| 700 1# - ENTRADA AGREGADA--NOMBRE PERSONAL | |
| Nombre de persona | Rozabal, Francisco. |
| 9 (RLIN) | 211962 |
| 700 1# - ENTRADA AGREGADA--NOMBRE PERSONAL | |
| Nombre de persona | Aguilar, Florestán. |
| 9 (RLIN) | 18691 |
| 852 ## - LOCALIZACIÓN | |
| Ubicación | ES-MaACL |
| Número de control de estantería | B-11712 |
| Estatus retirado | Estado de pérdida | Estado de daño | No para préstamo | Biblioteca de origen | Biblioteca actual | Ubicación en estantería | Fecha de adquisición | Fuente de adquisición | Total de préstamos | Signatura topográfica completa | Código de barras | Visto por última vez | Precio de reemplazo | Tipo de ítem Koha |
|---|---|---|---|---|---|---|---|---|---|---|---|---|---|---|
| Biblioteca del Ateneo de Madrid | Biblioteca del Ateneo de Madrid | Sala Pardo Bazán | 17/01/2008 | B-11712 | 1126128 | 23/02/2023 | 23/02/2023 | Libro impreso |
